| Tag |
First Indicator |
Second Indicator |
Subfields |
| LEADER |
00000cam a22000004a 4500 |
| 001 |
in00002010520 |
| 005 |
20151031143012.0 |
| 008 |
030917s2005 njua b 001 0 eng |
| 010 |
|
|
|a 2003063115
|
| 020 |
|
|
|a 0805845291 (alk. paper)
|
| 035 |
|
|
|a (OCoLC)ocm53285103
|
| 040 |
|
|
|a DLC
|c DLC
|d C#P
|d TXA
|d UtOrBLW
|
| 042 |
|
|
|a pcc
|
| 049 |
|
|
|a TXAM
|
| 050 |
0 |
4 |
|a T49.5
|b .S243 2005
|
| 082 |
0 |
0 |
|a 153.3/5
|2 22
|
| 245 |
0 |
0 |
|a Scientific and technological thinking /
|c edited by Michael E. Gorman [and others].
|
| 264 |
|
1 |
|a Mahwah, N.J. :
|b L. Erlbaum,
|c 2005.
|
| 300 |
|
|
|a ix, 368 pages :
|b illustrations ;
|c 24 cm.
|
| 336 |
|
|
|a text
|b txt
|2 rdacontent
|
| 337 |
|
|
|a unmediated
|b n
|2 rdamedia
|
| 338 |
|
|
|a volume
|b nc
|2 rdacarrier
|
| 504 |
|
|
|a Includes bibliographical references and indexes.
|
| 650 |
|
0 |
|a Creative ability in technology.
|
| 650 |
|
0 |
|a Creative thinking.
|
| 700 |
1 |
|
|a Gorman, Michael E.,
|d 1952-
|
| 948 |
|
|
|a cataloged
|b h
|c 2004/11/19
|d c
|e ceaton
|f 11:20:06 am
|
| 994 |
|
|
|a C0
|b TXA
|
| 999 |
|
|
|a MARS
|
| 999 |
f |
f |
|s ed9aa785-5ae7-373c-b05b-5ee30f5f443d
|i d3b2d0bc-04f2-35bf-aae3-998bab0edaa1
|t 0
|
| 952 |
f |
f |
|p ric
|a Texas A&M University
|b Rellis Campus
|c Joint Library Facility
|d Remote Storage
|t 0
|e T49.5 .S243 2005
|h Library of Congress classification
|i unmediated -- volume
|m A14831628066
|
| 998 |
f |
f |
|a T49.5 .S243 2005
|t 0
|l Remote Storage
|